Una nueva espiritualidad / [por] A. M. Besnard ; tr. por José A. Pombo

Gespeichert in:
Bibliographische Detailangaben
1. Verfasser: Besnard, A. M. (autor)
Format: Buch
Schriftenreihe:Espiritualidad ; 19
Schlagworte:
Tags: Tag hinzufügen
Keine Tags, Fügen Sie das erste Tag hinzu!

MARC

LEADER 00000nam^a2200000^u^4500
001 000535999
005 20250521000000.0
008 060220s1000^^^^^^^^^^^^r^^^^^000^0^spa^d
009 20260310131028.21
035 |a FMI 000001704 
037 |a Acervo Xavier Clavigero 
096 |a 4.2/244/B 
100 |a Besnard, A. M.  |e (autor) 
245 1 4 |a Una nueva espiritualidad / [por] A. M. Besnard ; tr. por José A. Pombo 
264 |a Barcelona : Estela, 1966 
300 |a 102 p. 
336 |a texto  |b txt  |2 rdacontenido 
337 |a sin mediación  |b n  |2 rdamedio 
338 |a volumen  |b nc  |2 rdasoporte 
440 0 |a Espiritualidad ; 19 
597 |a Trad. del francés ("Visage spirituel des temps nouveaux"). 
649 |a XX 
650 |a ESPIRITUALIDAD MODERNA 
910 |a Fondo Francisco Migoya Covarrubias S.J. 
920 |a Impresos - Libros 
930 |a Fondos Especiales 
905 |a 134 
901 |a SBC09620  |b IT2  |c ESP  |u 20250521 
902 |a https://opac.biblio.iteso.mx/vufind/Record/000535999